Comparing of nutural fertilizer on cauliflower at royal university of agriculture ការប្រៀបធៀបធម្មជាតិលើដំណាំខាត់ណាផ្កាក្នុងល័ក្ខខ័ណ្ឌសាកលវិទ្យាល័យភូមិន្ទកសិកម្ម (Record no. 815)

000 -LEADER
fixed length control field 00672nam a22001577a 4500
003 - CONTROL NUMBER IDENTIFIER
control field OSt
005 - DATE AND TIME OF LATEST TRANSACTION
control field 20150919103702.0
008 - FIXED-LENGTH DATA ELEMENTS--GENERAL INFORMATION
fixed length control field 150919b xxu||||| |||| 00| 0 eng d
040 ## - CATALOGING SOURCE
Transcribing agency RUA
082 ## - DEWEY DECIMAL CLASSIFICATION NUMBER
Classification number AGR MAO 2005 B031 Or.1
100 ## - MAIN ENTRY--PERSONAL NAME
9 (RLIN) 844
Personal name MAO, SOPHAL.
245 ## - TITLE STATEMENT
Title Comparing of nutural fertilizer on cauliflower at royal university of agriculture ការប្រៀបធៀបធម្មជាតិលើដំណាំខាត់ណាផ្កាក្នុងល័ក្ខខ័ណ្ឌសាកលវិទ្យាល័យភូមិន្ទកសិកម្ម
260 ## - PUBLICATION, DISTRIBUTION, ETC. (IMPRINT)
Place of publication, distribution, etc. Phnom Penh
Name of publisher, distributor, etc. RUA
Date of publication, distribution, etc. 2005
300 ## - PHYSICAL DESCRIPTION
Extent 50p.
Other physical details ill.
Dimensions 29cm.
942 ## - ADDED ENTRY ELEMENTS (KOHA)
Source of classification or shelving scheme
Koha item type AGR
Holdings
Price effective from Date last seen Permanent Location Not for loan Date acquired Source of classification or shelving scheme Koha item type Lost status Withdrawn status Total Renewals Date last checked out Total Checkouts Shelving location Damaged status Barcode Checked out Current Location Full call number
2015-09-192016-10-25Library Block B 2015-09-19 AGR   2016-10-176B031 RUA002152 Library Block BAGR MAO 2005 B031 Or.1
2015-10-282024-12-18Library Block B 2015-10-28 AGR   2024-12-026  RUA015032 Library Block BAGR MAO 2005 B031 Or.2
2015-10-282026-06-17Library Block B 2015-10-28 AGR  22026-06-1713  RUA0150482026-07-23Library Block DAGR MAO 2005 B031 Or.3
មជ្ឈមណ្ឌលឯការនៃសាកលវិទ្យាល័យភូមិន្ទកសិកម្មចំការដូង

Powered by Koha